[Event "SRB-chT 1st League"]
[Site "Bajina Basta"]
[Date "2020.10.15"]
[Round "9.5"]
[White "Ilic, Dragan M"]
[Black "Vujcic, Milena"]
[Result "0-1"]
[WhiteElo "2291"]
[BlackElo "2059"]
[PlyCount "83"]
[EventDate "2020.10.10"]
[EventType "team-tourn"]
[EventRounds "11"]
[EventCountry "SRB"]
[SourceTitle "CBM 198 Extra"]
[Source "ChessBase"]
[SourceDate "2020.11.30"]
[SourceVersion "1"]
[SourceVersionDate "2020.11.30"]
[SourceQuality "1"]
[WhiteTeam "Valjevo 2005"]
[BlackTeam "Paracin"]
[WhiteTeamCountry "SRB"]
[BlackTeamCountry "SRB"]

1. d4 Nf6 2. c4 g6 3. Nc3 Bg7 4. e4 d6 5. f4 0-0 6. Nf3 c5 7. d5 e6 8. dxe6 fxe6 9. Bd3 Nc6 10. 0-0 Nd4 11. Kh1 Bd7 12. Bd2 Nh5 13. Nxd4 cxd4 14. Nb5 Qh4 15. Qe1 Qxe1 16. Raxe1 Bxb5 17. cxb5 Bh6 18. g3 e5 19. Bb4 exf4 20. Bxd6 Rfd8 21. Bxf4 Nxf4 22. gxf4 Rf8 23. f5 gxf5 24. exf5 Be3 25. f6 Rac8 26. Re2 Kf7 27. Rc2 Rxc2 28. Bxc2 Ke6 29. f7 Kd5 30. Bd3 Kc5 31. Kg2 Bh6 32. a3 Kd5 33. Kg3 Be3 34. Kg4 Ke6 35. Bxh7 Ke7 36. Bg6 Rc8 37. h4 Kf8 38. Rf5 Kg7 39. Re5 Rf8 40. h5 Bc1 41. Re8 d3 42. Kf3 0-1

[Event "SRB-chT 1st League"]
[Site "Bajina Basta"]
[Date "2020.10.13"]
[Round "6.4"]
[White "Djakovac, Enes"]
[Black "Ilic, Dragan M"]
[Result "1/2-1/2"]
[WhiteElo "2165"]
[BlackElo "2291"]
[PlyCount "51"]
[EventDate "2020.10.10"]
[EventType "team-tourn"]
[EventRounds "11"]
[EventCountry "SRB"]
[SourceTitle "CBM 198 Extra"]
[Source "ChessBase"]
[SourceDate "2020.11.30"]
[SourceVersion "1"]
[SourceVersionDate "2020.11.30"]
[SourceQuality "1"]
[WhiteTeam "Kraljevo Sloga"]
[BlackTeam "Valjevo 2005"]
[WhiteTeamCountry "SRB"]
[BlackTeamCountry "SRB"]

1. e4 e6 2. d4 d5 3. Nd2 Nc6 4. Ngf3 Nf6 5. e5 Nd7 6. Be2 f6 7. exf6 Qxf6 8. Nb3 Bd6 9. Bg5 Qg6 10. h4 0-0 11. Bd3 Qe8 12. Qd2 e5 13. dxe5 Ndxe5 14. 0-0-0 Nxd3+ 15. Qxd3 Nb4 16. Qd2 Nxa2+ 17. Kb1 Nb4 18. Be3 Qa4 19. Qc3 b6 20. h5 Qa2+ 21. Kc1 Qa4 22. Kb1 Rxf3 23. gxf3 Bf5 24. Rd2 c5 25. h6 d4 26. Qc4+ 1/2-1/2

[Event "Vrnjacka Banja Gligoric Cup 6th"]
[Site "Vrnjacka Banja"]
[Date "2019.05.26"]
[Round "5.4"]
[White "Radlovacki, Jovan"]
[Black "Ilic, Dragan M"]
[Result "1/2-1/2"]
[WhiteElo "2328"]
[BlackElo "2301"]
[PlyCount "92"]
[EventDate "2019.05.23"]
[EventType "team-swiss"]
[EventRounds "5"]
[EventCountry "SRB"]
[SourceTitle "CBM 190 Extra"]
[Source "ChessBase"]
[SourceDate "2019.07.15"]
[SourceVersion "1"]
[SourceVersionDate "2019.07.15"]
[SourceQuality "1"]
[WhiteTeam "Kac Jugovic"]
[BlackTeam "Valjevo"]
[WhiteTeamCountry "SRB"]
[BlackTeamCountry "SRB"]

1. e4 e6 2. d4 d5 3. Nd2 Nc6 4. Ngf3 Nf6 5. e5 Nd7 6. Nb3 a5 7. a4 Be7 8. Bf4 b6 9. Bb5 Ncb8 10. 0-0 c6 11. Be2 Na6 12. c3 Bb7 13. Bd3 c5 14. Bc2 Bc6 15. Re1 c4 16. Nbd2 g5 17. Bg3 g4 18. Nxc4 dxc4 19. Nd2 h5 20. Nxc4 Qc7 21. Nd6+ Bxd6 22. exd6 Qb7 23. Bh4 Nf8 24. Qd2 Kd7 25. Qg5 Ng6 26. Bxg6 fxg6 27. Qe7+ Kc8 28. Qxe6+ Kb8 29. Qxg6 Bd7 30. Bf6 Rc8 31. Qxh5 Ra7 32. Re7 Ka8 33. f4 Nb8 34. Qf7 Qc6 35. Qh7 Rb7 36. Be5 Qd5 37. Qd3 Qb3 38. Qe2 Rc6 39. Rf1 Qxa4 40. f5 Rc8 41. f6 Bb5 42. Qe4 Nd7 43. Re1 Qb3 44. f7 Rf8 45. Qxg4 Rxf7 46. Qg8+ Nf8 1/2-1/2

[Event "SRB-chT 1st League"]
[Site "Banja Vrujci"]
[Date "2017.09.16"]
[Round "1.1"]
[White "Vlajkovic, Stanko"]
[Black "Ilic, Dragan M"]
[Result "1/2-1/2"]
[WhiteElo "2120"]
[BlackElo "2311"]
[PlyCount "28"]
[EventDate "2017.09.16"]
[EventType "team"]
[EventRounds "11"]
[EventCountry "SRB"]
[SourceTitle "CBM 180 Extra"]
[Source "ChessBase"]
[SourceDate "2017.10.06"]
[SourceVersion "1"]
[SourceVersionDate "2017.10.06"]
[SourceQuality "1"]
[WhiteTeam "Arandjelovac"]
[BlackTeam "Valjevo 2005"]
[WhiteTeamCountry "SRB"]
[BlackTeamCountry "SRB"]

1. Nf3 e6 2. c4 f5 3. d4 Nf6 4. g3 d5 5. Bg2 c6 6. b3 Bb4+ 7. Bd2 Bd6 8. Nc3 0-0 9. 0-0 Ne4 10. Nxe4 fxe4 11. Ne5 Nd7 12. Nxd7 Bxd7 13. f3 dxc4 14. bxc4 c5 1/2-1/2

[Event "Gligoric Cup 4th"]
[Site "Novi Banovci"]
[Date "2017.05.28"]
[Round "5.3"]
[White "Bjelanovic, Mile"]
[Black "Ilic, Dragan M"]
[Result "0-1"]
[WhiteElo "2020"]
[BlackElo "2314"]
[PlyCount "68"]
[EventDate "2017.05.25"]
[EventType "team-swiss"]
[EventRounds "5"]
[EventCountry "SRB"]
[SourceTitle "CBM 178 Extra"]
[Source "ChessBase"]
[SourceDate "2017.06.22"]
[SourceVersion "1"]
[SourceVersionDate "2017.06.22"]
[SourceQuality "1"]
[WhiteTeam "Belgrade Napredak"]
[BlackTeam "Valjevo 2005"]
[WhiteTeamCountry "SRB"]
[BlackTeamCountry "SRB"]

1. e4 e6 2. d4 d5 3. exd5 exd5 4. Bd3 Bd6 5. Nf3 Bg4 6. h3 Bh5 7. Nc3 Ne7 8. Be3 Nbc6 9. a3 a6 10. Qe2 f6 11. g4 Bg6 12. Nh4 Bxd3 13. Qxd3 Qd7 14. 0-0-0 0-0-0 15. Ng2 h5 16. f3 g5 17. Rhg1 hxg4 18. hxg4 Rh3 19. Qe2 Rh2 20. Rh1 Rdh8 21. Rxh2 Rxh2 22. Bg1 Rh3 23. Be3 Qe6 24. Rf1 Rh2 25. Rg1 Ng6 26. Qd3 Nce7 27. Ne2 Kb8 28. Kb1 Qc8 29. c4 dxc4 30. Qxc4 Qh8 31. Ne1 b5 32. Qd3 Qg8 33. Nc3 Qb3 34. Ne4 Qxb2# 0-1

[Event "Gligoric Cup 4th"]
[Site "Novi Banovci"]
[Date "2017.05.27"]
[Round "4.2"]
[White "Ilic, Dragan M"]
[Black "Kojovic, Dragan"]
[Result "0-1"]
[WhiteElo "2314"]
[BlackElo "2376"]
[PlyCount "88"]
[EventDate "2017.05.25"]
[EventType "team-swiss"]
[EventRounds "5"]
[EventCountry "SRB"]
[SourceTitle "CBM 178 Extra"]
[Source "ChessBase"]
[SourceDate "2017.06.22"]
[SourceVersion "1"]
[SourceVersionDate "2017.06.22"]
[SourceQuality "1"]
[WhiteTeam "Valjevo 2005"]
[BlackTeam "Gornji Milanovac Metalac"]
[WhiteTeamCountry "SRB"]
[BlackTeamCountry "SRB"]

1. d4 Nf6 2. c4 g6 3. Nc3 d5 4. Nf3 Bg7 5. Bg5 Ne4 6. cxd5 Nxg5 7. Nxg5 e6 8. Qd2 exd5 9. Qe3+ Kf8 10. Qf4 Bf6 11. h4 Kg7 12. 0-0-0 h6 13. Nf3 c6 14. e3 Be6 15. Bd3 Nd7 16. g4 Qb8 17. Rdg1 Be7 18. Qxb8 Raxb8 19. Ne1 h5 20. g5 b5 21. Ne2 Bd6 22. Bc2 Bg4 23. f3 Be6 24. Ng3 c5 25. Nd3 Rbc8 26. Ne2 Bf5 27. Kd2 Nb6 28. b3 c4 29. Ne1 Bb4+ 30. Kd1 Bd7 31. Nf4 Rhe8 32. Neg2 a5 33. Ke2 cxb3 34. Bxb3 a4 35. Bd1 Bf5 36. Kf2 Bd6 37. Be2 Rc2 38. Ra1 b4 39. Rhb1 Rc3 40. Rc1 Rec8 41. Rd1 Ra3 42. Ne1 Bxf4 43. exf4 Rcc3 44. Kf1 Nd7 0-1

[Event "Valjevo Gvozdenovic Memorial"]
[Site "Valjevo"]
[Date "2016.12.10"]
[Round "8"]
[White "Markovic, Miroslav"]
[Black "Ilic, Dragan M"]
[Result "1/2-1/2"]
[WhiteElo "2474"]
[BlackElo "2321"]
[PlyCount "47"]
[EventDate "2016.12.05"]
[EventType "swiss"]
[EventRounds "9"]
[EventCountry "SRB"]
[EventCategory "5"]
[SourceTitle "CBM 176 Extra"]
[Source "ChessBase"]
[SourceDate "2017.03.02"]
[SourceVersion "1"]
[SourceVersionDate "2017.03.02"]
[SourceQuality "1"]

1. e4 e6 2. Qe2 c5 3. Nf3 Nc6 4. g3 g6 5. Bg2 Bg7 6. h4 h6 7. d3 Nge7 8. 0-0 d6 9. c3 0-0 10. a3 a5 11. a4 b6 12. Na3 Ra7 13. Re1 e5 14. Nd2 f5 15. Nb5 Rd7 16. h5 f4 17. Nc4 g5 18. Bh3 f3 19. Qf1 d5 20. Ne3 d4 21. Nc4 Rb7 22. Bxc8 Nxc8 23. cxd4 exd4 24. e5 1/2-1/2

[Event "Valjevo Gvozdenovic Memorial"]
[Site "Valjevo"]
[Date "2016.12.09"]
[Round "7"]
[White "Bozic, Milan"]
[Black "Ilic, Dragan M"]
[Result "1-0"]
[WhiteElo "2398"]
[BlackElo "2321"]
[PlyCount "57"]
[EventDate "2016.12.05"]
[EventType "swiss"]
[EventRounds "9"]
[EventCountry "SRB"]
[EventCategory "5"]
[SourceTitle "CBM 176 Extra"]
[Source "ChessBase"]
[SourceDate "2017.03.02"]
[SourceVersion "1"]
[SourceVersionDate "2017.03.02"]
[SourceQuality "1"]

1. c4 Nf6 2. Nc3 g6 3. g3 Bg7 4. Bg2 0-0 5. Nf3 c5 6. d4 d6 7. 0-0 Nc6 8. e3 Bf5 9. b3 Ne4 10. Ne2 Nf6 11. Bb2 cxd4 12. Nfxd4 Be4 13. f3 Nxd4 14. Nxd4 Bc6 15. Nxc6 bxc6 16. f4 Rc8 17. e4 Nd7 18. Bxg7 Kxg7 19. Qd4+ Kg8 20. Bh3 Rb8 21. Rad1 Nc5 22. e5 Qb6 23. exd6 exd6 24. f5 Rfe8 25. Bg2 Re2 26. Kh1 Qc7 27. Qf4 Re5 28. Qh6 Kh8 29. fxg6 1-0

[Event "SRB-chT 1st League"]
[Site "Kragujevac"]
[Date "2016.09.16"]
[Round "9.6"]
[White "Ilic, Dragan M"]
[Black "Todorovic, Bojan"]
[Result "0-1"]
[WhiteElo "2333"]
[BlackElo "2348"]
[PlyCount "68"]
[EventDate "2016.09.10"]
[EventType "team-tourn"]
[EventRounds "11"]
[EventCountry "SRB"]
[SourceTitle "CBM 174 Extra"]
[Source "ChessBase"]
[SourceDate "2016.10.10"]
[SourceVersion "1"]
[SourceVersionDate "2016.10.10"]
[SourceQuality "1"]
[WhiteTeam "Valjevo"]
[BlackTeam "Pirot Progres"]
[WhiteTeamCountry "SRB"]
[BlackTeamCountry "SRB"]

1. d4 Nf6 2. c4 g6 3. Nc3 Bg7 4. e4 d6 5. f4 0-0 6. Nf3 Na6 7. Bd3 e5 8. fxe5 dxe5 9. d5 c6 10. 0-0 cxd5 11. cxd5 Ne8 12. Bg5 Qb6+ 13. Kh1 f6 14. Na4 Qd8 15. Bh4 Nd6 16. Rc1 Bh6 17. Rc3 Qa5 18. Be1 Qd8 19. Bh4 Qa5 20. a3 Bd7 21. Nc5 Qxc3 22. Nxd7 Qxb2 23. Bxf6 Rxf6 24. Nxf6+ Kh8 25. Qe1 Nc5 26. Qh4 Nf7 27. Ng5 Nxg5 28. Qxh6 Nxd3 29. Qxg5 Rf8 30. h4 Qe2 31. Kg1 Nf4 32. Rf2 Qe1+ 33. Rf1 Ne2+ 34. Kh2 Qxf1 0-1

[Event "SRB-chT 1st League"]
[Site "Kragujevac"]
[Date "2016.09.10"]
[Round "1.3"]
[White "Mladenovic, Stefan"]
[Black "Ilic, Dragan M"]
[Result "1/2-1/2"]
[WhiteElo "2273"]
[BlackElo "2333"]
[PlyCount "80"]
[EventDate "2016.09.10"]
[EventType "team-tourn"]
[EventRounds "11"]
[EventCountry "SRB"]
[SourceTitle "CBM 174 Extra"]
[Source "ChessBase"]
[SourceDate "2016.10.10"]
[SourceVersion "1"]
[SourceVersionDate "2016.10.10"]
[SourceQuality "1"]
[WhiteTeam "Paracin"]
[BlackTeam "Valjevo"]
[WhiteTeamCountry "SRB"]
[BlackTeamCountry "SRB"]

1. d4 e6 2. c4 f5 3. Nf3 Nf6 4. g3 d5 5. Bg2 c6 6. 0-0 Bd6 7. b3 a5 8. a4 Na6 9. Ba3 Nb4 10. Nc3 b6 11. Ne5 Bb7 12. Nd3 0-0 13. c5 Nxd3 14. exd3 bxc5 15. dxc5 Bc7 16. Ne2 e5 17. d4 e4 18. Bc1 Ba6 19. Re1 Bxe2 20. Qxe2 Rb8 21. Rb1 Rb4 22. Qd1 f4 23. Ba3 Rb7 24. b4 axb4 25. Rxb4 Ra7 26. Rb1 Qa8 27. Bc1 Rxa4 28. gxf4 g6 29. f3 exf3 30. Bxf3 Ra1 31. Rxa1 Qxa1 32. Be3 Qa3 33. Qa1 Ra8 34. Qxa3 Rxa3 35. Kf2 Kf7 36. Rb1 Ke6 37. Rb7 Kd7 38. Rb2 Ke6 39. Rb7 Kd7 40. Rb2 Ke6 1/2-1/2

[Event "SRB-chT 1st League"]
[Site "Kragujevac"]
[Date "2015.09.08"]
[Round "5.3"]
[White "Ilic, Dragan M"]
[Black "Vojinovic, Luka"]
[Result "1/2-1/2"]
[WhiteElo "2354"]
[BlackElo "2122"]
[PlyCount "49"]
[EventDate "2015.09.05"]
[EventType "team-tourn"]
[EventRounds "11"]
[EventCountry "SRB"]
[SourceTitle "EXT 2016"]
[Source "ChessBase"]
[SourceDate "2015.10.08"]
[SourceVersion "1"]
[SourceVersionDate "2015.10.08"]
[SourceQuality "1"]
[WhiteTeam "Valjevo 2005"]
[BlackTeam "Arandjelovac"]
[WhiteTeamCountry "SRB"]
[BlackTeamCountry "SRB"]

1. d4 d5 2. c4 c6 3. Nf3 Nf6 4. Nc3 dxc4 5. a4 Bg4 6. Ne5 Bh5 7. h3 Na6 8. g4 Bg6 9. Bg2 Nb4 10. Nxg6 hxg6 11. 0-0 Qc7 12. g5 Nh5 13. e3 e6 14. a5 Be7 15. Ne4 e5 16. dxe5 Qxe5 17. Bd2 Rd8 18. Qg4 Nd3 19. Bc3 Qf5 20. Ra4 Qb5 21. Rxc4 0-0 22. Rb1 Rd5 23. Rd4 Rxd4 24. Bxd4 Qxa5 25. Qd7 1/2-1/2

[Event "SRB-chT Central"]
[Site "Kraljevo"]
[Date "2014.09.19"]
[Round "9.2"]
[White "Ilic, Dragan M"]
[Black "Bozic, Milan"]
[Result "1-0"]
[WhiteElo "2365"]
[BlackElo "2412"]
[PlyCount "69"]
[EventDate "2014.09.13"]
[EventType "team-tourn"]
[EventRounds "11"]
[EventCountry "SRB"]
[SourceTitle "CBM 162 Extra"]
[Source "ChessBase"]
[SourceDate "2014.10.17"]
[SourceVersion "1"]
[SourceVersionDate "2014.10.17"]
[SourceQuality "1"]
[WhiteTeam "Valjevo 2005"]
[BlackTeam "Valjevo Sveti Nikolaj"]
[WhiteTeamCountry "SRB"]
[BlackTeamCountry "SRB"]

1. d4 d6 2. e4 e5 3. Nf3 exd4 4. Nxd4 Nf6 5. f3 g6 6. Bc4 Nc6 7. Be3 Bg7 8. Nc3 Nd7 9. Be2 Nc5 10. 0-0 Ne6 11. Nb3 0-0 12. Qd2 a5 13. a4 Nc5 14. Nxc5 dxc5 15. Rad1 Nd4 16. Nb5 Nxe2+ 17. Qxe2 Qe7 18. Qf2 b6 19. Bf4 Be5 20. Qg3 f6 21. Bxe5 fxe5 22. Rd2 Rf4 23. Rfd1 Be6 24. Nc3 Bc4 25. Rd7 Qf6 26. Rxc7 Rd8 27. Qh3 Rxd1+ 28. Nxd1 Bf7 29. Ne3 h5 30. Qc8+ Kg7 31. Nd5 Qg5 32. Nxf4 Qxf4 33. Qd7 h4 34. Kf2 Kh6 35. g3 1-0